00882 2200301 4500001002100000005001500021035002000036007000300056040001700059100003700076245011400113250001200227300003000239020002200269041000800291082001000299084001600309090001900325264003100344336002100375337003000396338002300426650002100449700003700470850001000507008004100517990002200558INLIS00000000000859920260518023119 a0010-0922001088ta aSBPUPADbind0 aMelanie Sadono DjamilePengarang1 aA-Z kesehatan gigi :bpanduan lengkap kesehatan gigi keluarga /cMelanie Sadono Djamil: Penyunting, Nur Laili a.-Cet.1 a147 hlm :bilus. ;c27 cm a978-979-448-941-307aind a617.6 a617.6 MEL a a530 KUS m 16-3 a.--Solo :bMetagraf,c2011 2rdacontentateks 2rdamediaatanpa perantara 2rdacarrieravolume 4aKesehatan gii\gi0 aPenyunting, Nur LailiePengarang aPUPAD260518 0  a24.372/H/DPK/2017